Kunsthalle, Zimný prístav, Bratislava

Enregistré dans:
Détails bibliographiques
Auteur principal: Čviriková, Zuzana (Auteur)
Autres auteurs: Schleicher, Alexander (Directeur de thèse)
Format: Manuscrit Livre
Langue:slovaque
Publié: Bratislava 2016
Sujets:
Accès en ligne:http://is.stuba.sk/zp/portal_zp.pl?podrobnosti=121576
Tags: Ajouter un tag
Pas de tags, Soyez le premier à ajouter un tag!

MARC

LEADER 00000ntm a22000003a 4500
001 stuzp57603
003 SK-STU
005 20210223095914.4
007 ta
008 150427s2015----xo-----f-mn---000-0-slo-d
040 |a STU  |b slo 
041 0 |a slo 
100 1 |a Čviriková, Zuzana  |u 058180  |4 aut  |U FAD Fakulta architektúry  |T FA Ústav architektúry občianskych budov  |X 8175  |U A8180  |Y 399  |7 A000008175 
242 0 1 |a Kunsthalle  |y eng 
245 1 0 |a Kunsthalle, Zimný prístav, Bratislava 
260 |c 2016  |a Bratislava 
650 4 |a súčasné umenie  |2 slo 
650 4 |a flexibilita  |2 slo 
650 4 |a prístav  |2 slo 
650 4 |a contemporary art  |2 eng 
650 4 |a flexibility  |2 eng 
650 4 |a port  |2 eng 
700 1 |a Schleicher, Alexander  |u 058180  |k Z1  |4 ths  |U FAD Fakulta architektúry  |T FA Ústav architektúry občianskych budov  |X 472  |U A8180  |Y 399  |7 A000000472 
856 4 |u http://is.stuba.sk/zp/portal_zp.pl?podrobnosti=121576  |u https://opac.crzp.sk/?fn=detailBiblioForm&sid=FFEED6484134604A3D71AFB88729 
SQL |a stuzp57603  |b DDP  |c SLO  |d Kunsthalle, Zimný prístav, Bratislava  |e 8175  |f Čviriková, Zuzana  |g 058180  |h 472  |i Schleicher, Alexander  |j 20160602  |k 153  |l 05  |m http://is.stuba.sk/zp/portal_zp.pl?podrobnosti=121576  |n I-ARCH  |o 5.1.1. architektúra a urbanizmus